AIDS meniti maut

Bibliographic Details
Main Author: Dzulkifli Abdul Razak (Author)
Format: Book
Published: Petaling Jaya : Fajar Bakti , 1990
Series:Siri perubatan Fajar Bakti
Subjects:

MARC

LEADER 00000cam a2200000 7i4500
001 0000008959
005 20050801093000.0
020 |a 9676514632 
090 0 0 |a RA644.A25   |b D9 
100 0 |a Dzulkifli Abdul Razak ,   |e author 
245 1 0 |a AIDS meniti maut   |c Dzulkifli Abdul Razak 
260 2 |a Petaling Jaya :   |b Fajar Bakti ,   |c 1990 
300 |a viii, 133 ms. ;   |c 22 sm. 
440 0 0 |a Siri perubatan Fajar Bakti 
504 |a Mengandungi bibliografi (ms. 123-126) dan indeks 
650 0 |a AIDS (Disease) 
999 |a 1000033986   |b Book   |c OPEN SHELF (30 DAYS)   |e Gong Badak Campus